Statistics for Top Musical Acts of Every Year

Click here to take the quiz!

General Stats

  • This quiz has been taken 62 times
    (24 since last reset)
  • The average score is 31 of 75

Answer Stats

Year Song Musical Act % Correct
1964"I Want To Hold Your Hand"The Beatles
89%
2011"Rolling In The Deep"Adele
89%
1997"Candle In The Wind"Elton John
89%
1988"Faith"George Michael
89%
2014"Happy"Pharrell Williams
83%
1993"I Will Always Love You"Whitney Houston
83%
1983"Every Breath You Take"The Police
83%
1982"Physical"Olivia Newton-John
78%
2017"Shape Of You"Ed Sheeran
78%
2015"Uptown Funk!"Mark Ronson
78%
1970"Bridge Over Troubled Water"Simon and Garfunkel
78%
2003"In Da Club"50 Cent
72%
1995"Gangsta's Paraside"Coolio
72%
1985"Careless Whisper"Wham!
72%
1984"When Doves Cry"Prince
72%
1940"White Christmas"Bing Crosby
72%
1956"Heartbreak Hotel"Elvis Presley
72%
2004"Yeah!"Usher
67%
1980"Call Me"Blondie
67%
2009"Boom Boom Pow"The Black Eyed Peas
67%
1999"Believe"Cher
67%
1987"Walk Like An Egyptian"The Bangles
67%
2018"God's Plan"Drake
61%
2016"Love Yourself"Justin Bieber
61%
2012"Somebody That I Used To Know"Gotye
61%
1979"My Sharona"The Knack
61%
2002"How You Remind Me"Nickelback
61%
1981"Bette Davis Eyes"Kim Carnes
56%
2019"Old Town Road"Lil Nas X
56%
2010"TiK ToK"Ke$ha
56%
2007"Irreplaceable"Beyonce
50%
2005"We Belong Together"Mariah Carey
44%
1991"I Do It For You"Bryan Adams
44%
1994"The Sign"Ace of Base
44%
1992"End Of The Road"Boyz II Men
39%
2013"Can't Hold Us"Macklemore
39%
1976"Silly Love Songs"Paul McCartney and Wings
33%
2008"Low"Flo Rida
33%
1971"Joy To The World"Three Dog Night
33%
1969"Sugar, Sugar"The Archies
33%
1996"Macarena"Los Del Rio
33%
1975"Love Will Keep Us Together"Captain and Tennille
28%
2006"Bad Day"Daniel Powter
28%
1974"The Way We Were"Barbra Streisand
28%
1973"Tie A Yellow Ribbon ‘Round The Ole Oak Tree"Tony Orlando and Dawn
28%
2000"Breathe"Faith Hill
28%
1977"Tonight’s The Night"Rod Stewart
28%
2001"Hanging By A Moment"Lifehouse
22%
1990"Hold On"Wilson Phillips
22%
1953"Song From Moulin Rouge"Percy Faith
22%
1961"Tossin' And Turnin'"Bobby Lewis
22%
1967"To Sir With Love"Lulu
22%
1972"The First Time Ever I Saw Your Face"Roberta Flack
22%
1941"Chattanooga Choo Choo"Glenn Miller
22%
1951"Too Young"Nat King Cole
17%
1978"Shadow Dancing"Andy Gibb
17%
1959"The Battle Of New Orleans"Johnny Horton
17%
1998"Too Close"Next
17%
1965"Wooly Bully"Sam The Sham and The Pharaohs
11%
1963"Sugar Shack"Jimmy Gilmer and The Fireballs
11%
1945"Rum & Coca-Cola"The Andrew Sisters
11%
1946"Prisoner Of Love"Perry Como
11%
1962"Stranger On The Shore"Mr. Acker Bilk
6%
1943"Paper Doll"Mills Brothers
6%
1958"Volare"Domenico Modugno
6%
1966"The Ballad Of The Green Berets"Sgt. Barry Sadler
6%
1947"Near You"Francis Craig
6%
1949"Riders In The Sky"Vaughn Monroe
6%
1989"Look Away"Chicago
6%
1955"Cherry Pink And Apple Blossom White"Perez Prado
6%
1952"Blue Tango"Leroy Anderson
0%
1950"Goodnight Irene"Gordon Jenkins and The Weavers
0%
1954"Little Things Mean A Lot"Kitty Kallen
0%
1948"Twelfth Street Rag"Pee Wee Hunt
0%
1986"That's What Friends Are For"Dionne and Friends
0%

Score Distribution

Percentile by Number Answered

Percent of People with Each Score

Your Score History

You have not taken this quiz since the last reset